|
|
|
|
| LEADER |
00000nab a2200000 ar4500 |
| 001 |
vtls010860284 |
| 003 |
SK-MaSNL |
| 005 |
20260305040517.0 |
| 008 |
150812c2015 xo qr|p|||||||000 b|slo |
| 038 |
|
|
|a RVGKPD
|
| 040 |
|
|
|a RVGKPD
|b slo
|c RVGKPD
|e AACR2
|
| 041 |
|
|
|a slo
|
| 044 |
|
|
|a xo
|c SK
|
| 080 |
|
|
|a 061.2-056.26
|2 2008
|
| 245 |
0 |
0 |
|a Naša iniciatíva
|c [autor] J. Z.
|
| 300 |
|
|
|b Fotogr.
|
| 610 |
2 |
7 |
|a Slovenský zväz telesne postihnutých (Gemerská Poloma, Slovensko)
|2 rvgkpd
|9 1615072
|
| 651 |
|
7 |
|a Gemerská Poloma (Slovensko)
|2 rvgkpd
|9 29357
|
| 651 |
|
7 |
|a Rožňava (Slovensko : okres)
|2 rvgkpd
|9 19215
|
| 773 |
0 |
|
|t Polomské noviny
|g Roč. XX, č. 2 (2015), s. 3
|
| 852 |
|
|
|a RVGKPD
|b KIS3G
|
| 992 |
|
|
|a RBX
|
| 999 |
|
|
|c 3338771
|d 3340701
|